000
00317nam a22001457a 4500
008
210312b ||||| |||| 00| 0 eng d
020
_a
2901932628325
041
_a
eng
080
_2
4th
_a
510
082
_a
510
100
_a
36
101
_a
MAT
245
_a
Introductory Algebra
_c
Wright, D. F
942
_2
udc
_c
BK
999
_c
56594
_d
56594